000 00901nam a22003137a 4500
001 0128
003 DO-SdBNP
005 20180119133623.0
007 0128
008 151112b 1994 sp 000 spa d
020 _a8421622773
040 _aBPMSU
_bspa
_cBPMSU
092 _axxxx
_bxxxx
100 1 _aNöstlinger, Christine,
_d1936-
240 1 0 _aDer wauga. /
_lgw
245 1 0 _aChachi /
_cChristine Nöstlinger ; ilustración María Fe González ; traducción Margarita Mohr
260 _aMadrid :
_bBruño,
_c1994.
300 _a153 p.
_bil. ;
_c19 cm.
490 1 _aAlta mar
_v85
500 _aIncluye datos biográficos del autor.
586 _aPremio Andersen 1984.
700 1 2 _aGonzález, María Fe,
_eil.
700 1 2 _aMohr, Margarita
_etrad.
830 0 _aAlta mar
_n85
910 _a202
942 _2ddc
_cBK
945 _aInventariado, 2018 / YL
956 _aYngrid Lockward
_b10
_cBPMSU
999 _c8752
_d8752